<?xml version="1.0" encoding="UTF-8"?>
<record
    xmlns:xsi="http://www.w3.org/2001/XMLSchema-instance"
    xsi:schemaLocation="http://www.loc.gov/MARC21/slim http://www.loc.gov/standards/marcxml/schema/MARC21slim.xsd"
    xmlns="http://www.loc.gov/MARC21/slim">

  <leader>00916nam0a22002531  4500</leader>
  <controlfield tag="001">rc\2882242</controlfield>
  <controlfield tag="005">20250530041551.0</controlfield>
  <datafield tag="035" ind1=" " ind2=" ">
    <subfield code="a">(NLR Aleph) 007212412</subfield>
  </datafield>
  <datafield tag="090" ind1=" " ind2=" ">
    <subfield code="a">7672856</subfield>
    <subfield code="c">7672856</subfield>
  </datafield>
  <datafield tag="100" ind1=" " ind2=" ">
    <subfield code="a">20110720d1928    |||y0rusy50      ca</subfield>
  </datafield>
  <datafield tag="101" ind1="0" ind2=" ">
    <subfield code="a">rus</subfield>
  </datafield>
  <datafield tag="102" ind1=" " ind2=" ">
    <subfield code="a">RU</subfield>
  </datafield>
  <datafield tag="105" ind1=" " ind2=" ">
    <subfield code="a">y   z   |||||</subfield>
  </datafield>
  <datafield tag="200" ind1="1" ind2=" ">
    <subfield code="a">&#x41D;.&#x410;. &#x421;&#x435;&#x440;&#x433;&#x435;&#x435;&#x432;. &#x410;&#x43A;&#x430;&#x434;&#x435;&#x43C;&#x438;&#x43A; &#x436;&#x438;&#x432;&#x43E;&#x43F;&#x438;&#x441;&#x438; (1855-1919)</subfield>
  </datafield>
  <datafield tag="210" ind1=" " ind2=" ">
    <subfield code="a">[&#x41B;&#x435;&#x43D;&#x438;&#x43D;&#x433;&#x440;&#x430;&#x434;]</subfield>
    <subfield code="c">&#x411;. &#x438;.</subfield>
    <subfield code="d">[1928]</subfield>
  </datafield>
  <datafield tag="215" ind1=" " ind2=" ">
    <subfield code="a">&#x421;. 3-8</subfield>
  </datafield>
  <datafield tag="300" ind1=" " ind2=" ">
    <subfield code="a">&#x412; &#x43A;&#x43D;.: &#x41A;&#x430;&#x442;&#x430;&#x43B;&#x43E;&#x433; &#x43F;&#x43E;&#x441;&#x43C;&#x435;&#x440;&#x442;&#x43D;&#x43E;&#x439; &#x432;&#x44B;&#x441;&#x442;&#x430;&#x432;&#x43A;&#x438; &#x43A;&#x430;&#x440;&#x442;&#x438;&#x43D; &#x430;&#x43A;&#x430;&#x434;&#x435;&#x43C;&#x438;&#x43A;&#x430; &#x436;&#x438;&#x432;&#x43E;&#x43F;&#x438;&#x441;&#x438; &#x41D;.&#x410;. &#x421;&#x435;&#x440;&#x433;&#x435;&#x435;&#x432;&#x430; (1855-1919). &#x41B;., 1928. &#x421;&#x442;&#x440;. 3-8</subfield>
  </datafield>
  <datafield tag="600" ind1=" " ind2="1">
    <subfield code="a">&#x421;&#x435;&#x440;&#x433;&#x435;&#x435;&#x432;</subfield>
    <subfield code="b">&#x41D;.&#x410;.</subfield>
    <subfield code="f">1855-1919</subfield>
  </datafield>
  <datafield tag="700" ind1=" " ind2="1">
    <subfield code="a">&#x41A;&#x43E;&#x432;&#x430;&#x43B;&#x44C;&#x441;&#x43A;&#x430;&#x44F;-&#x418;&#x43B;&#x44C;&#x438;&#x43D;&#x430;</subfield>
    <subfield code="b">&#x41F;.&#x412;.</subfield>
    <subfield code="f">1892-1940</subfield>
    <subfield code="g">&#x41F;&#x43E;&#x43B;&#x438;&#x43D;&#x430; &#x412;&#x43B;&#x430;&#x434;&#x438;&#x43C;&#x438;&#x440;&#x43E;&#x432;&#x43D;&#x430;</subfield>
  </datafield>
  <datafield tag="801" ind1=" " ind2="0">
    <subfield code="a">RU</subfield>
    <subfield code="b">NLR</subfield>
    <subfield code="g">psbo</subfield>
  </datafield>
  <datafield tag="801" ind1=" " ind2="1">
    <subfield code="a">RU</subfield>
    <subfield code="b">ELAR</subfield>
    <subfield code="2">rusmarc</subfield>
  </datafield>
  <datafield tag="852" ind1=" " ind2=" ">
    <subfield code="a">NLR</subfield>
    <subfield code="j">40/2191</subfield>
  </datafield>
  <datafield tag="942" ind1=" " ind2=" ">
    <subfield code="c">BOOK</subfield>
  </datafield>
  <datafield tag="980" ind1=" " ind2=" ">
    <subfield code="a">NB</subfield>
  </datafield>
  <datafield tag="995" ind1=" " ind2=" ">
    <subfield code="5">2013-10-26</subfield>
    <subfield code="b">NLR02</subfield>
    <subfield code="c">NLR02</subfield>
    <subfield code="e">RFS</subfield>
    <subfield code="f">1-4368807</subfield>
    <subfield code="k">40/2191</subfield>
    <subfield code="o">0</subfield>
    <subfield code="r">BOOK</subfield>
    <subfield code="s">402191_</subfield>
  </datafield>
</record>
